000 01448nam a22002297a 4500
003 NALT
005 20251029085259.0
008 s2511 th tha d
040 _a์NALT
041 _atha
090 _aอศ
_bด138ป 2511
245 1 0 _aอนุสรณ์ในงานพระาชทานเพลิงศพ พระยาดรุพันพิทักษ์ ณ เมรุวัดธาตุทอง พระโขนง พระนคร วันที่ 30 ธันวาคม 2511.
246 1 4 _aประวัติกรมป่าไม้ กระทรวงเกษตร
260 _aพระนคร :
_bโรงพิมพ์ บริษัท ธีระพานิช,
_c2511.
300 _a197 หน้า ;
_b
_c26 ซม.
500 _aพิมพ์เพื่อเป็นอนุสรณ์ในงานพระาชทานเพลิงศพ พระยาดรุพันพิทักษ์ ณ เมรุวัดธาตุทอง พระโขนง พระนคร วันที่ 30 ธันวาคม 2511
600 0 4 _925364
_aดรุพันพิทักษ์ (สนิท พุกกะมาน),
_cพระยา,
_d2468-2477
610 2 4 _915329
_aกรมป่าไม้
_xประวัติ
850 _aNALT
856 4 0 _uhttps://hdl.handle.net/20.500.14156/587256
942 _cRRB
_2local
999 _c23497
_d23497
998 _j4612
_k นางสาววัลยา พุ่มต้นวงค์